Statistiken für Welthauptstädte durch die ersten 2 Buchstaben

Klicken Sie hier um das Quiz zu spielen!

Allgemein

  • Dieses Quiz wurde 2.461 mal gespielt
  • Das Durchschnittsergebnis liegt bei 100 aus 196

Antwortstatistiken

LandHauptstädte% Korrekt
ChinaPeking
97%
BelizeBelmopan
96%
LibanonBeirut
95%
SerbienBelgrad
95%
DeutschlandBerlin
95%
SchweizBern
95%
SüdafrikaPretoria, Kapstadt
oder Bloemfontein
86%
BrasilienBrasília
84%
SlowakeiBratislava
84%
Republik KongoBrazzaville
84%
BarbadosBridgetown
84%
BelgienBrüssel
84%
SomaliaMogadischu
84%
MonacoMonaco
84%
LiberiaMonrovia
84%
UruguayMontevideo
84%
KomorenMoroni
84%
RusslandMoskau
84%
KiribatiSouth Tarawa
84%
MikronesienPalikir
82%
PanamaPanama-Stadt
82%
SurinameParamaribo
82%
FrankreichParis
82%
SpanienMadrid
78%
MarshallinselnMajuro
78%
ÄquatorialguineaMalabo
78%
MaledivenMalé
78%
NicaraguaManagua
78%
BahrainManama
78%
PhilippinenManila
78%
MosambikMaputo
78%
LesothoMaseru
78%
OmanMaskat
78%
GrenadaSaint George's
78%
Antigua und BarbudaSaint John's
78%
JemenSanaa
78%
Costa RicaSan José
78%
San MarinoSan Marino
78%
El SalvadorSan Salvador
78%
ChileSantiago
78%
Dominikanische
Republik
Santo Domingo
78%
São Tomé und PríncipeSão Tomé
78%
Bosnien und
Herzegowina
Sarajevo
78%
Sri LankaSri Jayawardenepura Kotte
78%
UngarnBudapest
77%
ArgentinienBuenos Aires
77%
RumänienBukarest
77%
DenmarkKopenhagen
77%
ItalienRom
77%
DominicaRoseau
77%
FinnlandHelsinki
76%
GeorgienTiflis
75%
AlbanienTirana
75%
AndorraAndorra la Vella
74%
TürkeiAnkara
74%
MadagaskarAntananarivo
74%
IrlandDublin
73%
TadschikistanDuschanbe
73%
BulgarienSofia
73%
GabunLibreville
72%
MalawiLilongwe
72%
PeruLima
72%
PortugalLissabon
72%
PolenWarschau
71%
Vereinigte StaatenWashington D.C.
71%
GriechenlandAthen
70%
IslandReykjavík
70%
Saudi-ArabienRiad
68%
LettlandRiga
68%
TaiwanTaipeh
68%
EstlandTallinn
68%
UsbekistanTaschkent
68%
VatikanstadtVatikanstadt
68%
LiechtensteinVaduz
67%
MaltaValletta
67%
JordanienAmman
64%
NiederlandeAmsterdam
64%
AngolaLuanda
64%
SambiaLusaka
64%
LuxemburgLuxemburg
64%
ÖsterreichWien
60%
NamibiaWindhoek
60%
TogoLomé
59%
Vereinigtes KönigreichLondon
59%
NorwegenOslo
59%
TschechienPrag
59%
Kap VerdePraia
59%
KosovoPriština
59%
SchwedenStockholm
59%
KroatienZagreb
59%
AfghanistanKabul
58%
ÄgyptenKairo
58%
UgandaKampala
58%
NepalKathmandu
58%
IrakBagdad
57%
AserbaidschanBaku
57%
MaliBamako
57%
BruneiBandar Seri Begawan
57%
ThailandBangkok
57%
Zentral­afrikanische
Republik
Bangui
57%
GambiaBanjul
57%
St. Kitts und NevisBasseterre
57%
UkraineKiew
53%
RwandaKigali
53%
JamaikaKingston
53%
St. Vincent und
die Grenadinen
Kingstown
53%
Demokratische
Republik Kongo
Kinshasa
53%
SeychellenVictoria
53%
LaosVientiane
53%
LitauenVilnius
53%
BeninPorto-Novo oder
Cotonou
52%
IndienNeu-Delhi
49%
MontenegroPodgorica
47%
HaitiPort-au-Prince
47%
MauritiusPort Louis
47%
Papua-NeuguineaPort Moresby
47%
Trinidad und TobagoPort-of-Spain
47%
VanuatuPort Vila
47%
WeißrusslandMinsk
45%
HondurasTegucigalpa
39%
IranTeheran
39%
JapanTokio
39%
MoldawienChișinău
38%
BolivienLa Paz oder Sucre
38%
KasachstanNur-Sultan
37%
BangladeschDhaka
36%
VietnamHanoi
35%
SimbabweHarare
35%
KubaHavanna
35%
ArmenienJerewan
35%
IsraelJerusalem
35%
MexikoMexiko-Stadt
35%
KolumbienBogotá
33%
AustralienCanberra
33%
VenezuelaCaracas
33%
St. LuciaCastries
33%
KeniaNairobi
33%
BahamasNassau
33%
MyanmarNaypyidaw
33%
TurkmenistanAşgabat
32%
NordmazedonienSkopje
31%
KamerunYaoundé
31%
SenegalDakar
30%
SyrienDamaskus
30%
EritreaAsmara
29%
ParaguayAsunción
29%
IndonesienJakarta
29%
SlowenienLjubljana
28%
AlgerienAlgier
27%
MalaysiaKuala Lumpur
25%
KuwaitKuwait-Stadt
25%
KirgisistanBischkek
24%
Guinea-BissauBissau
24%
TansaniaDodoma
24%
KatarDoha
24%
SüdkoreaSeoul
24%
MarokkoRabat
23%
NigerNiamey
21%
ZypernNikosia
21%
KanadaOttawa
20%
SingapurSingapur
20%
FidschiSuva
20%
GuyanaGeorgetown
19%
GuatemalaGuatemala-Stadt
19%
Vereinigte Arabische
Emirate
Abu Dhabi
18%
NigeriaAbuja
18%
TunesienTunis
17%
OsttimorDili
16%
EcuadorQuito
16%
NeuseelandWellington
16%
BotswanaGaborone
15%
SalomonenHoniara
14%
BhutanThimphu
14%
MauretanienNouakchott
13%
GhanaAccra
12%
ÄthiopienAddis Abeba
12%
TongaNukuʻalofa
12%
PakistanIslamabad
11%
LibyenTripolis
11%
TuvaluFunafuti
10%
KambodschaPhnom Penh
10%
MongoleiUlaanbaatar
10%
GuineaConakry
9%
DschibutiDschibuti
9%
BurundiGitega
9%
SüdsudanJuba
9%
Sierra LeoneFreetown
8%
NordkoreaPjöngjang
8%
SamoaApia
4%
Burkina FasoOuagadougou
4%
ElfenbeinküsteYamoussoukro
4%
NauruYaren
4%
SudanKhartum
3%
EswatiniMbabane
3%
TschadN'Djamena
2%
PalauNgerulmud
1%

Verteilung der Resultate

Perzentil nach korrekt beantworteten Fragen

Anzahl Personen mit jedem Resultat

Ihre Resultats-Entwicklung

Sie haben dieses Quiz noch nicht gespielt